Loading...
| Current Events/Geography | 1 | 20.00 | 100% | 100% | 0% |
| Fine Arts - Classical Music | 7 | 22.86 | 100% | 86% | 43% |
| Fine Arts - Other Fine Arts | 9 | 21.11 | 100% | 89% | 22% |
| Fine Arts - Visual Fine Arts | 4 | 25.00 | 100% | 100% | 50% |
| Geography/Current Events | 3 | 20.00 | 100% | 100% | 0% |
| History - American History | 4 | 25.00 | 100% | 100% | 50% |
| History - European History | 5 | 22.00 | 100% | 60% | 60% |
| History - Other History | 7 | 18.57 | 100% | 57% | 29% |
| History - World History | 9 | 26.67 | 100% | 100% | 67% |
| Literature - American Literature | 7 | 25.71 | 100% | 100% | 57% |
| Literature - British Literature | 7 | 21.43 | 100% | 71% | 43% |
| Literature - European Literature | 7 | 22.86 | 100% | 86% | 43% |
| Literature - World/Other Literature | 8 | 22.50 | 100% | 88% | 38% |
| Mythology | 7 | 21.43 | 100% | 57% | 57% |
| Other Academic | 1 | 20.00 | 100% | 100% | 0% |
| Philosophy | 5 | 16.00 | 100% | 60% | 0% |
| Pop Culture | 1 | 30.00 | 100% | 100% | 100% |
| Religion | 5 | 16.00 | 100% | 60% | 0% |
| Science - Biology | 7 | 21.43 | 100% | 71% | 43% |
| Science - Chemistry | 8 | 26.25 | 100% | 100% | 63% |
| Science - Other Science | 5 | 24.00 | 100% | 80% | 60% |
| Science - Physics | 8 | 27.50 | 100% | 88% | 88% |
| Social Science | 6 | 23.33 | 100% | 83% | 50% |